1548 1358 1221 1963 1763 1054 1029 1894 1852 1821 1260 1280 1993 1713 1331 1916 1000 1372 1293 1615 1323 1037 1601 1449 1780 1399 1583 1829 1529 1995 1507 1740 1184 1729 1447 1534 1013 1122 1502 1066 1842 1321 1144 1000 1692 1534 1906 1706 1385 1569 1778 1603 1673 1406 1297 1456 1939 1564 1927 1757 1560 1817 1564 1557 1956 1782 1227 1524 1110 1074 1403 1547 1307 1425 1675 1853 1473 1702 1191 1987 1383 1881 1153 1510 1335 1672 1114 1080 1329 1656 1687 1239 1178 1196 1199 1518 1952 1191 1803 BCNSPRNW ULIB Ver.6.0+V

เปลี่ยนเป็นภาษาไทย

Change to English
 แสดงรายละเอียดบรรณานุกรม
  กลับหน้าหลัก

Brief Record : Get Marc (ISO 2709) : E-mail record : QR code < ปิดหน้าต่าง
LEADER : 00000nam 2200000uu 4500
001    13399112309
003     ULIB
008    110627s2550||||th 000 0 tha d
020    9789748290256
090    นว.^bล711P 2550
100 0  ลูกชุบ
245 00 Power land สูตรรักลุ้นหัวใจนายปีศาจ/^cลูกชุบ
250    พิมพ์ครั้งที่ 1
260    กรุงเทพฯ :^bแจ่มใส,^c2550
300    195 หน้า
710 1  แจ่มใส
945    ^p149^l0^i022522
995    ทศพร
999 ^a ใช้งานได้ทุกระบบ
รายการนี้ยังไม่มีแท็ก
คุณยังไม่ได้ล็อกอิน คุณสามารถมีกิจกรรมร่วมกับเว็บไซต์ได้ แต่ต้องล็อกอินก่อน ::
  ล็อกอิน

รายการสื่อสารสนเทศ

ลำดับที่ ประเภท เลขเรียก/บาร์โค้ด สถานที่ สถานะ
- ไม่พบข้อมูล -

รายการใกล้เคียง
    ผู้แต่ง [ลูกชุบ]

BibComment


ยังไม่เคยถูกคอมเมนท์

คอมเมนท์ทรัพยากรรายการนี้
  คอมเมนท์: Power land สูตรรั..


 Copyright 2026. Bcnsprnw @Library